[Event "Kreis-Mitte-EM"]
[Site "Zirndorf"]
[Date "2014.01.04"]
[Round "3.16"]
[White "Stohl, Tristan"]
[Black "Münzenberg, Dietrich"]
[Result "0-1"]
[WhiteElo "1375"]
[BlackElo "1677"]
[PlyCount "102"]
[EventDate "2014.??.??"]
[WhiteTeam "SK Schwabach 1907"]
[BlackTeam "Zabo-Eintracht Nbg."]

1. f4 d5 2. Nf3 c6 3. e3 Nf6 4. Nc3 h6 5. b3 Bf5 6. Bb2 Nbd7 7. Be2 Qc7 8. Nh4
Bh7 9. Bg4 e6 10. Qe2 Be7 11. O-O-O O-O-O 12. Bh3 Nc5 13. Nf3 Kb8 14. g3 Nce4
15. Rhg1 Rhf8 16. Nxe4 Bxe4 17. Ne5 Qa5 18. Kb1 Ba3 19. d3 Bxb2 20. Kxb2 Bh7
21. Qd2 Qc7 22. Qb4 c5 23. Qa4 Rd6 24. Kc1 Ra6 25. Qb5 Ra5 26. Nc6+ Ka8 27.
Nxa5 a6 28. Qa4 b5 29. Qa3 Ka7 30. Rd2 Rc8 31. Rgg2 Nd7 32. Kb1 b4 33. Qb2 Nf6
34. Nc4 dxc4 35. dxc4 Ne4 36. Rdf2 Nc3+ 37. Kc1 Be4 38. Rg1 Rd8 39. a3 Qd6 40.
Bg4 f5 41. Qa1 fxg4 42. axb4 cxb4 43. c5 Qxc5 44. Kb2 Kb6 45. Re1 Nb5 46. Qc1
Qc3+ 47. Ka2 Qf6 48. Qb2 Nc3+ 49. Ka1 e5 50. fxe5 Qxe5 51. Rff1 Qa5+ 0-1

[Event "Kreis-Mitte-EM"]
[Site "Zirndorf"]
[Date "2014.01.04"]
[Round "3.17"]
[White "Nüßlein, Christian"]
[Black "Weidenhöfer, Robert"]
[Result "1/2-1/2"]
[WhiteElo "1677"]
[BlackElo "1488"]
[PlyCount "48"]
[EventDate "2014.??.??"]
[WhiteTeam "SGem Nürnberg 1978"]
[BlackTeam "SW Nürnberg Süd"]

1. e4 b6 2. g3 Bb7 3. Bg2 Nf6 4. Nc3 e6 5. Nge2 c5 6. O-O Be7 7. Nf4 d6 8. e5
Bxg2 9. exf6 Bxf1 10. fxe7 Qxe7 11. Qxf1 O-O 12. b3 Nc6 13. Bb2 d5 14. Re1 Qd7
15. a3 Nd4 16. Qd3 Rfe8 17. Nd1 e5 18. Bxd4 cxd4 19. Ng2 f6 20. c3 dxc3 21.
Nxc3 d4 22. Nd1 Rac8 23. Nb2 Rc7 24. b4 Rec8 1/2-1/2

[Event "Kreis-Mitte-EM"]
[Site "Zirndorf"]
[Date "2014.01.04"]
[Round "3.18"]
[White "Mantel, Ruben"]
[Black "Dreiseitel, Ursula"]
[Result "1-0"]
[WhiteElo "1665"]
[BlackElo "1406"]
[PlyCount "63"]
[EventDate "2014.??.??"]
[WhiteTeam "Zabo-Eintracht Nbg."]
[BlackTeam "SC N-T Nürnberg"]

1. e4 c5 2. Nc3 Nc6 3. g3 d6 4. Bg2 Nf6 5. d3 g6 6. h3 Bg7 7. Be3 O-O 8. Qd2
Re8 9. f4 Nd7 10. Nf3 Nd4 11. O-O a6 12. g4 Rb8 13. f5 Nxf3+ 14. Bxf3 Ne5 15.
Bg2 b5 16. Rae1 Bb7 17. g5 gxf5 18. exf5 f6 19. Bxb7 Rxb7 20. Qg2 Qc8 21. Ne4
Kf7 22. Kh1 Rg8 23. Qe2 Rh8 24. Qh5+ Kf8 25. gxf6 Bxf6 26. Bh6+ Bg7 27. Bxg7+
Kxg7 28. Rg1+ Kf8 29. Ng5 Qc6+ 30. Re4 e6 31. Nxe6+ Ke7 32. Rg7+ 1-0

[Event "Kreis-Mitte-EM"]
[Site "Zirndorf"]
[Date "2014.01.04"]
[Round "3.19"]
[White "Chowdhury, Sandip"]
[Black "Ratscheu, Stefan"]
[Result "0-1"]
[WhiteElo "1250"]
[BlackElo "1552"]
[PlyCount "36"]
[EventDate "2014.??.??"]
[WhiteTeam "SC N-T Nürnberg"]
[BlackTeam "SC Postbauer-Heng"]

1. e4 e5 2. f4 d5 3. exd5 e4 4. Bb5+ Bd7 5. Bxd7+ Qxd7 6. c4 Nf6 7. d4 c6 8.
dxc6 Nxc6 9. Ne2 Bb4+ 10. Nbc3 O-O 11. O-O Rad8 12. d5 Bc5+ 13. Kh1 Nb4 14. a3
Nd3 15. b4 Nf2+ 16. Rxf2 Bxf2 17. Nd4 Rfe8 18. Qe2 Bxd4 0-1

[Event "Kreis-Mitte-EM"]
[Site "Zirndorf"]
[Date "2014.01.05"]
[Round "4.1"]
[White "Haubold, Martin"]
[Black "Erlbeck, Peter"]
[Result "1/2-1/2"]
[WhiteElo "1996"]
[BlackElo "2038"]
[PlyCount "76"]
[EventDate "2014.??.??"]
[WhiteTeam "SC N-T Nürnberg"]
[BlackTeam "SW Nürnberg Süd"]

1. d4 f5 2. Bg5 g6 3. h4 Bg7 4. Nf3 d6 5. e3 c6 6. Nbd2 Qb6 7. Nc4 Qc7 8. c3 b5
9. Ncd2 e5 10. dxe5 dxe5 11. h5 h6 12. Bh4 g5 13. Bg3 Ne7 14. Qc2 f4 15. exf4
exf4 16. Bh2 Bf5 17. Ne4 O-O 18. O-O-O Kh8 19. Bd3 Bxe4 20. Bxe4 Nd7 21. Nd4
Nc5 22. Rhe1 Rad8 23. f3 Qa5 24. Nb3 Nxb3+ 25. Qxb3 Nd5 26. Bg1 b4 27. cxb4
Nxb4 28. Kb1 Nd5 29. Qc4 Ne3 30. Bxe3 fxe3 31. Bc2 Rxd1+ 32. Rxd1 Qe5 33. Qc3
e2 34. Re1 Qg3 35. Qd2 Qxg2 36. Qxe2 Qxe2 37. Rxe2 Rb8 38. Bb3 c5 1/2-1/2

[Event "Kreis-Mitte-EM"]
[Site "Zirndorf"]
[Date "2014.01.05"]
[Round "4.2"]
[White "Brenner, Christian"]
[Black "Lais, Thomas"]
[Result "1-0"]
[WhiteElo "1969"]
[BlackElo "1899"]
[PlyCount "49"]
[EventDate "2014.??.??"]
[WhiteTeam "Zabo-Eintracht Nbg."]
[BlackTeam "SW Nürnberg Süd"]

1. e4 c5 2. Nf3 d6 3. d4 cxd4 4. Nxd4 Nf6 5. Nc3 a6 6. Be3 e5 7. Nb3 Be6 8. f3
Be7 9. Qd2 O-O 10. O-O-O Nbd7 11. g4 b5 12. g5 b4 13. Ne2 Ne8 14. Ng3 a5 15.
Kb1 a4 16. Nc1 Qa5 17. Nf5 Bxf5 18. exf5 Nc7 19. Bc4 Nb6 20. Bxb6 Qxb6 21. f6
gxf6 22. gxf6 Bxf6 23. Qh6 Bg7 24. Rhg1 Ne8 25. Bb5 1-0

[Event "Kreis-Mitte-EM"]
[Site "Zirndorf"]
[Date "2014.01.05"]
[Round "4.3"]
[White "Pidtoptanyy, Igor"]
[Black "Rausch, Wolfgang sr"]
[Result "1/2-1/2"]
[WhiteElo "1816"]
[BlackElo "1964"]
[PlyCount "85"]
[EventDate "2014.??.??"]
[WhiteTeam "SW Nürnberg Süd"]
[BlackTeam "SC N-T Nürnberg"]

1. e4 Nf6 2. e5 Nd5 3. Bc4 Nb6 4. Bb3 d5 5. d4 Bf5 6. Ne2 e6 7. O-O c5 8. c3
Nc6 9. Be3 cxd4 10. Nxd4 Bxb1 11. Nxc6 bxc6 12. Rxb1 Be7 13. Qg4 Kf8 14. f4 h5
15. Qf3 g6 16. Qf2 Kg7 17. Rfd1 Qc7 18. c4 dxc4 19. Bc2 Nd5 20. Bd4 Qa5 21. Be4
Rhd8 22. Qg3 Bc5 23. Bxc5 Qxc5+ 24. Kh1 h4 25. Qg5 Qe7 26. Qxe7 Nxe7 27. Kg1
Nd5 28. g3 hxg3 29. hxg3 Rab8 30. Rdc1 Rb4 31. a3 Ra4 32. Bf3 Rb8 33. Kf2 c3
34. Bxd5 cxb2 35. Rxc6 exd5 36. Rc2 Rxa3 37. Rbxb2 Rxb2 38. Rxb2 a5 39. Rd2 Kf8
40. Rxd5 Ke7 41. Rd6 a4 42. Ra6 Kd7 43. Rf6 1/2-1/2

[Event "Kreis-Mitte-EM"]
[Site "Zirndorf"]
[Date "2014.01.05"]
[Round "4.4"]
[White "Süß, Stefan"]
[Black "Schlötterer, Hermann"]
[Result "1-0"]
[WhiteElo "1971"]
[BlackElo "1812"]
[PlyCount "75"]
[EventDate "2014.??.??"]
[WhiteTeam "SC N-T Nürnberg"]
[BlackTeam "Zabo-Eintracht Nbg."]

1. d4 Nf6 2. c4 c5 3. Nf3 g6 4. Nc3 cxd4 5. Nxd4 Bg7 6. e4 d6 7. Be2 O-O 8. O-O
Nbd7 9. Be3 Nc5 10. f3 Bd7 11. Rc1 Qa5 12. a3 Na4 13. Qd2 Nxc3 14. Rxc3 Rac8
15. b4 Qd8 16. Rfc1 a6 17. Rd3 Qc7 18. Bd1 Qb8 19. Nb3 Be6 20. c5 d5 21. exd5
Bf5 22. Bf4 Qxf4 23. Qxf4 Bxd3 24. Qd2 Bf5 25. Nd4 Bd7 26. c6 bxc6 27. dxc6 Be8
28. c7 Nd5 29. Nc6 Bxc6 30. Rxc6 Nxc7 31. Qc1 Be5 32. Be2 Rfd8 33. f4 Bd4+ 34.
Kf1 Rd7 35. Bxa6 Ra8 36. Rxc7 Rxc7 37. Qxc7 Ra7 38. Qd8+ 1-0

[Event "Kreis-Mitte-EM"]
[Site "Zirndorf"]
[Date "2014.01.05"]
[Round "4.5"]
[White "Schwegler, Benjamin"]
[Black "Rummel, Gerald"]
[Result "0-1"]
[WhiteElo "1697"]
[BlackElo "1844"]
[PlyCount "80"]
[EventDate "2014.??.??"]
[WhiteTeam "Zabo-Eintracht Nbg."]
[BlackTeam "SC Anderssen Nbg."]

1. e4 e6 2. d3 d5 3. Nd2 c5 4. Ngf3 Nc6 5. g3 Nf6 6. Bg2 Be7 7. O-O Qc7 8. Re1
b6 9. c3 Bb7 10. Nf1 Rd8 11. e5 Nd7 12. Bf4 d4 13. Qe2 dxc3 14. bxc3 Nf8 15. h4
Ng6 16. Bc1 Ba6 17. c4 h5 18. Bh3 Bb7 19. N1h2 Rd7 20. a3 Qd8 21. Rd1 Ncxe5 22.
Bb2 Nxf3+ 23. Nxf3 Bf6 24. Bxf6 Qxf6 25. Ng5 Ne5 26. f4 Ng4 27. Bxg4 hxg4 28.
Qxg4 Rxd3 29. Rxd3 Qxa1+ 30. Kf2 Qb2+ 31. Ke3 Qc1+ 32. Rd2 Qc3+ 33. Rd3 Qe1+
34. Qe2 Qxg3+ 35. Kd2 Qxf4+ 36. Kc2 Qxc4+ 37. Kd1 O-O 38. Nxf7 Qa4+ 39. Ke1
Qxh4+ 40. Kd1 Rxf7 0-1

[Event "Kreis-Mitte-EM"]
[Site "Zirndorf"]
[Date "2014.01.05"]
[Round "4.6"]
[White "Babichev, Vyacheslav"]
[Black "Thürauf, Peter"]
[Result "1-0"]
[WhiteElo "1683"]
[BlackElo "1823"]
[PlyCount "95"]
[EventDate "2014.??.??"]
[WhiteTeam "SW Nürnberg Süd"]
[BlackTeam "SW Nürnberg Süd"]

1. b3 e5 2. Bb2 d6 3. g3 Nf6 4. Bg2 g6 5. d3 Bg7 6. Nd2 O-O 7. e3 Nc6 8. Ne2
Bg4 9. h3 Be6 10. Nf3 Nd7 11. O-O f5 12. Kh2 g5 13. Nd2 Qe8 14. c3 h5 15. f4
Qg6 16. Nf3 Bh6 17. d4 exd4 18. cxd4 d5 19. Nc3 Nf6 20. Ne5 Qe8 21. Ba3 Ne7 22.
Rg1 Kh7 23. Bf1 c6 24. Bd3 g4 25. Qc2 Ne4 26. hxg4 hxg4 27. Kg2 Rh8 28. Rh1 Kg7
29. Rh2 Ng6 30. Rah1 Nxe5 31. dxe5 Kg6 32. Ne2 Qd7 33. Nd4 Bg7 34. Nxe6 Qxe6
35. Bxe4 dxe4 36. Bd6 Qd5 37. Rh4 Rxh4 38. gxh4 Kh5 39. Be7 Kg6 40. Rd1 Qa5 41.
Rd6+ Kh7 42. Rd7 Qb6 43. Bc5 Qb5 44. a4 Qa6 45. e6 Re8 46. Bd4 Rg8 47. Bxg7
Rxg7 48. e7 1-0

[Event "Kreis-Mitte-EM"]
[Site "Zirndorf"]
[Date "2014.01.05"]
[Round "4.7"]
[White "Drees, Martin"]
[Black "Mantel, Hubert"]
[Result "0-1"]
[WhiteElo "1711"]
[BlackElo "1620"]
[PlyCount "98"]
[EventDate "2014.??.??"]
[WhiteTeam "TSV Cadolzburg"]
[BlackTeam "Zabo-Eintracht Nbg."]

1. e4 e6 2. Nf3 d5 3. Nc3 Nf6 4. e5 Nfd7 5. d4 c5 6. dxc5 Bxc5 7. Bd3 Nc6 8.
Bf4 a6 9. O-O h6 10. Qd2 b5 11. Rfe1 g5 12. Bg3 g4 13. Nh4 Qg5 14. Qxg5 hxg5
15. Nf5 exf5 16. Nxd5 f4 17. Nc7+ Kd8 18. Nxa8 fxg3 19. hxg3 Ndxe5 20. Rad1 Bd7
21. Be4 Kc8 22. Bxc6 Nxc6 23. Rd5 Ba7 24. Red1 Be6 25. Rd6 Kb7 26. R1d3 Rxa8
27. b3 Bc5 28. R6d5 Bxd5 29. Rxd5 Be7 30. f3 gxf3 31. gxf3 Rd8 32. Rxd8 Bxd8
33. Kf2 Bb6+ 34. Ke2 Nd4+ 35. Ke3 Nxc2+ 36. Ke4 f6 37. f4 Kc6 38. fxg5 fxg5 39.
Kf5 Be3 40. Ke4 Bb6 41. Kf5 Bc7 42. Kxg5 Bxg3 43. Kg4 Bd6 44. Kf3 Kd5 45. Ke2
Kd4 46. Kd2 Nb4 47. a4 bxa4 48. bxa4 Kc4 49. Kc1 Kb3 0-1

[Event "Kreis-Mitte-EM"]
[Site "Zirndorf"]
[Date "2014.01.05"]
[Round "4.8"]
[White "Luther, Helmut"]
[Black "Mantel, Hans"]
[Result "1-0"]
[WhiteElo "1891"]
[BlackElo "1456"]
[PlyCount "41"]
[EventDate "2014.??.??"]
[WhiteTeam "SW Nürnberg Süd"]
[BlackTeam "Zabo-Eintracht Nbg."]

1. d4 d5 2. Nf3 Nf6 3. Bg5 e6 4. e3 Bd6 5. Bd3 O-O 6. Ne5 Nbd7 7. f4 c5 8. c3
a6 9. O-O Qc7 10. Nd2 b5 11. a3 b4 12. cxb4 cxd4 13. Nxd7 Nxd7 14. exd4 h6 15.
Qh5 Re8 16. Bxh6 gxh6 17. Qxh6 f5 18. Rf3 Re7 19. Rg3+ Kf7 20. Rg7+ Ke8 21.
Rg8+ 1-0

[Event "Kreis-Mitte-EM"]
[Site "Zirndorf"]
[Date "2014.01.05"]
[Round "4.9"]
[White "Walch, Roger"]
[Black "Müller, Lothar"]
[Result "0-1"]
[WhiteElo "1581"]
[BlackElo "1832"]
[PlyCount "122"]
[EventDate "2014.??.??"]
[WhiteTeam "SW Nürnberg Süd"]
[BlackTeam "SC Postbauer-Heng"]

1. e4 c5 2. Nf3 d6 3. d4 cxd4 4. Nxd4 Nf6 5. Nc3 a6 6. f3 e5 7. Nb3 Be6 8. Bg5
Nbd7 9. Qd2 Be7 10. O-O-O h6 11. Be3 Rc8 12. Kb1 O-O 13. g4 b5 14. Nd5 Bxd5 15.
exd5 Nb6 16. g5 hxg5 17. Bxb6 Qxb6 18. Bh3 Rc4 19. Rhg1 Nh7 20. Bf5 Rf4 21.
Bxh7+ Kxh7 22. Rg3 b4 23. Qg2 Qc7 24. h4 Rxh4 25. Rh1 g6 26. Rgh3 Kg7 27. Rxh4
gxh4 28. Nd2 Qd7 29. Qe2 Qb7 30. Qd3 Rc8 31. Ne4 a5 32. Rg1 a4 33. f4 Qb6 34.
Rg4 f5 35. Rg2 Qd4 36. Qxd4 exd4 37. Nf2 Rc5 38. Nd3 Rxd5 39. Nxb4 Rb5 40. Nc6
Bf6 41. Kc1 Rb6 42. Na5 d5 43. Rd2 Re6 44. b4 Re1+ 45. Kb2 Re3 46. b5 a3+ 47.
Kc1 Re1+ 48. Rd1 Rxd1+ 49. Kxd1 Bd8 50. Nc6 Bb6 51. Ke2 Kf6 52. Ne5 Bc7 53. b6
Bd6 54. b7 g5 55. Nd7+ Kg6 56. b8=Q Bxb8 57. Nxb8 h3 58. Kf3 gxf4 59. Nc6 Kf6
60. Nxd4 Ke5 61. Ne2 h2 0-1

[Event "Kreis-Mitte-EM"]
[Site "Zirndorf"]
[Date "2014.01.05"]
[Round "4.10"]
[White "Knab, Reinhard"]
[Black "Schanz, Karlheinz"]
[Result "1-0"]
[WhiteElo "1804"]
[BlackElo "1736"]
[PlyCount "57"]
[EventDate "2014.??.??"]
[WhiteTeam "Zabo-Eintracht Nbg."]
[BlackTeam "SC Mühlhof-R'dorf"]

1. Nc3 d5 2. e4 d4 3. Nce2 c5 4. Ng3 e5 5. Bc4 Nf6 6. d3 h6 7. Nf3 Qc7 8. a3 a6
9. Bd2 Nc6 10. Nh4 Bg4 11. Qc1 g6 12. h3 Bd7 13. O-O g5 14. Nhf5 Nd8 15. Qd1
Be6 16. Nh5 Nh7 17. Nfg7+ Kd7 18. Nxe6 Nxe6 19. Qg4 Re8 20. Qf5 Kc8 21. g3 Kb8
22. b4 Ka7 23. Rfb1 Nd8 24. b5 axb5 25. Rxb5 Nc6 26. Rab1 Rb8 27. Bd5 f6 28.
Bxc6 Qxc6 29. Ra5+ 1-0

[Event "Kreis-Mitte-EM"]
[Site "Zirndorf"]
[Date "2014.01.05"]
[Round "4.11"]
[White "Pörzgen, Michael"]
[Black "Gottlieb, Michael"]
[Result "1/2-1/2"]
[WhiteElo "1586"]
[BlackElo "1505"]
[PlyCount "81"]
[EventDate "2014.??.??"]
[WhiteTeam "SW Nürnberg Süd"]
[BlackTeam "SC Postbauer-Heng"]

1. e4 e5 2. Nf3 Nc6 3. Bb5 Nf6 4. O-O Bc5 5. d3 d6 6. Bg5 a6 7. Ba4 b5 8. Bb3
Na5 9. Nbd2 Nxb3 10. Nxb3 Bb6 11. a4 Bd7 12. axb5 Bxb5 13. c4 Bd7 14. Na5 h6
15. Be3 Bxe3 16. fxe3 Qb8 17. Qd2 O-O 18. b4 Re8 19. Nh4 Qa7 20. Nf5 Bxf5 21.
Rxf5 Qb6 22. Rf3 Rab8 23. Qc2 Ng4 24. c5 dxc5 25. h3 Nf6 26. Qxc5 Qxb4 27. Qxb4
Rxb4 28. Nc4 Rb3 29. Rxa6 Rxd3 30. Rc6 Nxe4 31. Rxc7 Rd1+ 32. Kh2 Nf6 33. Nb6
Rd2 34. e4 Rd1 35. Nd5 Re6 36. Ne3 Rd4 37. Nd5 Rxe4 38. Ne7+ Kh7 39. Nf5 Re1
40. Rxf7 Ne8 41. Rg3 1/2-1/2

[Event "Kreis-Mitte-EM"]
[Site "Zirndorf"]
[Date "2014.01.05"]
[Round "4.12"]
[White "Münzenberg, Dietrich"]
[Black "Nagel, Felix"]
[Result "1-0"]
[WhiteElo "1677"]
[BlackElo "1585"]
[PlyCount "63"]
[EventDate "2014.??.??"]
[WhiteTeam "Zabo-Eintracht Nbg."]
[BlackTeam "SC Anderssen Nbg."]

1. d4 d5 2. Nf3 Nf6 3. Bg5 Bf5 4. Bxf6 exf6 5. Nbd2 Nc6 6. a3 Qd7 7. e3 a6 8.
c4 dxc4 9. Bxc4 Bd6 10. Be2 O-O-O 11. Nc4 Rhe8 12. O-O g5 13. Qc1 Kb8 14. b4
Na7 15. Nxd6 Qxd6 16. Qb2 Bg6 17. Rfc1 h5 18. a4 g4 19. Nh4 f5 20. b5 a5 21.
Qc3 b6 22. g3 Rd7 23. Bf1 Nc8 24. Bg2 Ne7 25. Bc6 Nxc6 26. bxc6 Rde7 27. Rab1
Ka7 28. Rb5 Ka6 29. Qc4 Ka7 30. Rcb1 Re6 31. Rxa5+ Kb8 32. Ra8+ 1-0

[Event "Kreis-Mitte-EM"]
[Site "Zirndorf"]
[Date "2014.01.05"]
[Round "4.13"]
[White "Albayrak, Aylin"]
[Black "Mantel, Ruben"]
[Result "0-1"]
[WhiteElo "1467"]
[BlackElo "1665"]
[PlyCount "96"]
[EventDate "2014.??.??"]
[WhiteTeam "Zabo-Eintracht Nbg."]
[BlackTeam "Zabo-Eintracht Nbg."]

1. d4 Nf6 2. c4 g6 3. Nc3 Bg7 4. Nf3 d6 5. Bg5 O-O 6. e4 Nbd7 7. Be2 c5 8. d5
a6 9. O-O Qa5 10. Qc2 Rb8 11. Bf4 Ng4 12. Rab1 Nge5 13. Bd2 Nxf3+ 14. Bxf3 Qc7
15. b4 cxb4 16. Rxb4 Nc5 17. Re1 Bd7 18. h4 Rfc8 19. h5 b5 20. hxg6 hxg6 21.
Bg5 Kf8 22. Nd1 bxc4 23. Rxc4 Bb5 24. Rc3 Ba4 25. Qd2 Bxc3 26. Qxc3 f6 27. Bh6+
Kg8 28. Qe3 Nd7 29. Bg4 Rb1 30. Qh3 Bxd1 31. Be6+ Kh7 32. Bd2+ Bh5 33. Rxb1 Qc2
34. Qe3 Qxb1+ 35. Kh2 g5 36. f4 Rh8 37. fxg5 Kg7 38. Kg3 Nc5 39. gxf6+ exf6 40.
Bf5 Qd3 41. Kf4 Qxe3+ 42. Kxe3 Rb8 43. Bc3 Bg6 44. g4 Bxf5 45. exf5 Re8+ 46.
Kf4 Re2 47. g5 Rf2+ 48. Kg4 Rg2+ 0-1

[Event "Kreis-Mitte-EM"]
[Site "Zirndorf"]
[Date "2014.01.05"]
[Round "4.14"]
[White "Stohl, Peter"]
[Black "Denninger, David"]
[Result "0-1"]
[WhiteElo "1622"]
[BlackElo "1521"]
[PlyCount "50"]
[EventDate "2014.??.??"]
[WhiteTeam "SK Schwabach 1907"]
[BlackTeam "TSV Cadolzburg"]

1. f4 d6 2. b3 Nc6 3. e3 Nf6 4. Bb2 Bf5 5. Bb5 Qd7 6. Nf3 a6 7. Bxc6 Qxc6 8.
Nc3 e5 9. fxe5 dxe5 10. Rf1 Bg4 11. h3 Bh5 12. g4 Bg6 13. g5 Nd7 14. d3 e4 15.
Nd4 Qd6 16. Nce2 exd3 17. cxd3 h6 18. h4 Ne5 19. Nf4 hxg5 20. hxg5 Qb4+ 21. Ke2
O-O-O 22. a3 Qe7 23. Nxg6 fxg6 24. Rc1 Rh2+ 25. Rf2 Ng4 0-1

[Event "Kreis-Mitte-EM"]
[Site "Zirndorf"]
[Date "2014.01.05"]
[Round "4.15"]
[White "Ratscheu, Stefan"]
[Black "Dreiseitel, Werner"]
[Result "1/2-1/2"]
[WhiteElo "1552"]
[BlackElo "1512"]
[PlyCount "28"]
[EventDate "2014.??.??"]
[WhiteTeam "SC Postbauer-Heng"]
[BlackTeam "SC N-T Nürnberg"]

1. e4 g6 2. Nf3 Bg7 3. d4 d6 4. c3 Nf6 5. Bd3 O-O 6. O-O Nbd7 7. h3 e5 8. Be3
exd4 9. cxd4 Re8 10. Nc3 a6 11. Qb3 b5 12. a4 bxa4 13. Qxa4 Nb6 14. Qc2 Bb7
1/2-1/2

[Event "Kreis-Mitte-EM"]
[Site "Zirndorf"]
[Date "2014.01.05"]
[Round "4.16"]
[White "Hasenöder, Matthias"]
[Black "Held, Werner"]
[Result "1-0"]
[WhiteElo "1541"]
[BlackElo "1269"]
[PlyCount "79"]
[EventDate "2014.??.??"]
[WhiteTeam "Zabo-Eintracht Nbg."]
[BlackTeam "Zabo-Eintracht Nbg."]

1. c4 e5 2. Nc3 Nf6 3. g3 Nc6 4. Bg2 b6 5. e3 g6 6. Nge2 Bg7 7. O-O O-O 8. d4
Re8 9. d5 Na5 10. b3 Ba6 11. e4 Rb8 12. h3 c6 13. Be3 b5 14. c5 b4 15. Na4 Bf8
16. d6 Rb5 17. Qc2 Bg7 18. Nb2 h5 19. Nd3 Re6 20. Bd2 Rb7 21. Rfe1 Bxd3 22.
Qxd3 Rb5 23. Rac1 Nb7 24. Be3 Qa5 25. Qc2 Kh7 26. f4 exf4 27. Nxf4 Re5 28. Bf1
Rbxc5 29. Bxc5 Nxc5 30. Bg2 Bh6 31. Re2 g5 32. Nd3 Nxd3 33. Qxd3 g4 34. Rf1 Bg7
35. Ref2 Kg6 36. Rf5 Re6 37. Rxa5 gxh3 38. e5+ Kh6 39. Bxh3 Re8 40. exf6 1-0

[Event "Kreis-Mitte-EM"]
[Site "Zirndorf"]
[Date "2014.01.05"]
[Round "4.17"]
[White "Weidenhöfer, Robert"]
[Black "Gesellchen, Bernhard"]
[Result "1-0"]
[WhiteElo "1488"]
[BlackElo "1474"]
[PlyCount "73"]
[EventDate "2014.??.??"]
[WhiteTeam "SW Nürnberg Süd"]
[BlackTeam "SC Postbauer-Heng"]

1. b3 e5 2. Bb2 Nc6 3. e3 d5 4. Bb5 Bd6 5. c4 Nf6 6. cxd5 Nxd5 7. Bxc6+ bxc6 8.
d3 O-O 9. Ne2 Qg5 10. O-O Bh3 11. Ng3 Bg4 12. Qd2 Bb4 13. Qc1 Bd7 14. Ba3 Qg6
15. e4 Bxa3 16. Nxa3 Nf4 17. Qe3 f5 18. Nc4 Rae8 19. Kh1 fxe4 20. dxe4 h5 21.
Rg1 h4 22. Ne2 Qh7 23. f3 Re6 24. Nxf4 exf4 25. Qe2 Rff6 26. Rad1 Bc8 27. Rd8+
Rf8 28. Rxf8+ Kxf8 29. Qd2 Qh5 30. Qxf4+ Rf6 31. Qxc7 Bh3 32. Qd8+ Kf7 33. Nd6+
Rxd6 34. Qxd6 Bxg2+ 35. Rxg2 Qxf3 36. Qd7+ Kf8 37. Qf5+ 1-0

[Event "Kreis-Mitte-EM"]
[Site "Zirndorf"]
[Date "2014.01.05"]
[Round "4.18"]
[White "Dreiseitel, Ursula"]
[Black "Nüßlein, Christian"]
[Result "1/2-1/2"]
[WhiteElo "1406"]
[BlackElo "1677"]
[PlyCount "104"]
[EventDate "2014.??.??"]
[WhiteTeam "SC N-T Nürnberg"]
[BlackTeam "SGem Nürnberg 1978"]

1. d4 Nf6 2. Nf3 g6 3. Bf4 Bg7 4. h3 O-O 5. e3 c5 6. c3 cxd4 7. exd4 d5 8. Bd3
Qb6 9. Qc2 Nc6 10. O-O Bd7 11. Nbd2 Rac8 12. Qb3 Qxb3 13. Nxb3 b6 14. Rfe1 Nh5
15. Bh2 Bh6 16. Ne5 Nxe5 17. Rxe5 e6 18. Re2 Nf4 19. Bxf4 Bxf4 20. Nd2 Rfe8 21.
Nf3 b5 22. Ne5 Bxe5 23. Rxe5 Rc7 24. h4 f6 25. Re3 Kg7 26. Rae1 Rb8 27. g4 b4
28. Bc2 Rbc8 29. g5 f5 30. Rh3 bxc3 31. b3 Rb8 32. h5 Rb4 33. Rd1 a5 34. a3 Rb8
35. hxg6 hxg6 36. Kg2 Rh8 37. Re3 Rh4 38. Rdd3 Rg4+ 39. Rg3 Rxg3+ 40. Kxg3 Bb5
41. Re3 Kf7 42. Kf4 Bf1 43. Kg3 Ke7 44. Re1 Ba6 45. Rh1 Kd6 46. Rh6 Rg7 47. Kf4
Be2 48. Rh3 Bh5 49. Rxc3 Re7 50. Rc8 Ra7 51. Rc5 e5+ 52. Ke3 Ra6 1/2-1/2

[Event "Kreis-Mitte-EM"]
[Site "Zirndorf"]
[Date "2014.01.05"]
[Round "4.19"]
[White "Chowdhury, Sandip"]
[Black "Stohl, Tristan"]
[Result "1-0"]
[WhiteElo "1250"]
[BlackElo "1375"]
[PlyCount "121"]
[EventDate "2014.??.??"]
[WhiteTeam "SC N-T Nürnberg"]
[BlackTeam "SK Schwabach 1907"]

1. e4 c5 2. d4 cxd4 3. c3 dxc3 4. Nxc3 e6 5. Nf3 Nf6 6. e5 Ng4 7. h3 Nh6 8. Bc4
Nf5 9. O-O Be7 10. Qe2 O-O 11. Rd1 a6 12. Ne4 Qc7 13. g4 d5 14. exd6 Nxd6 15.
Bf4 Qxc4 16. Qxc4 Nxc4 17. b3 Na5 18. h4 b5 19. g5 Bb7 20. Re1 f5 21. Ned2 Bb4
22. Rxe6 Bxd2 23. Nxd2 Bc8 24. Re7 Nbc6 25. Rc7 Ra7 26. Rc1 Rxc7 27. Bxc7 Bb7
28. Nf3 Rf7 29. Bb6 Re7 30. Rc2 Nb4 31. Rd2 Bxf3 32. Bxa5 f4 33. Rd8+ Kf7 34.
Bxb4 Rc7 35. Rf8+ Kg6 36. Rxf4 Bd5 37. Bd2 Kh5 38. Rd4 Bb7 39. Kh2 Rf7 40. Be3
Bc6 41. Rd6 Bb7 42. Rd4 Bc6 43. Bf4 Kxh4 44. Be3+ Kh5 45. Rd6 Bb7 46. b4 Kh4
47. Rd4+ Kh5 48. Rd8 Kg4 49. Rd4+ Kh5 50. Rd8 Be4 51. Rd6 Bb7 52. Rd8 h6 53.
Rh8 Kg4 54. gxh6 g5 55. Rg8 Rf3 56. Rxg5+ Kh4 57. Rg3 Rf7 58. Rg7 Rf3 59. Rg3
Rf8 60. Rh3+ Kg4 61. h7 1-0

[Event "Kreis-Mitte-EM"]
[Site "Zirndorf"]
[Date "2014.01.05"]
[Round "5.1"]
[White "Erlbeck, Peter"]
[Black "Brenner, Christian"]
[Result "1-0"]
[WhiteElo "2038"]
[BlackElo "1969"]
[PlyCount "65"]
[EventDate "2014.??.??"]
[WhiteTeam "SW Nürnberg Süd"]
[BlackTeam "Zabo-Eintracht Nbg."]

1. e4 e5 2. Nf3 Nc6 3. Bb5 a6 4. Bxc6 dxc6 5. O-O Qd6 6. Na3 Be6 7. c3 O-O-O 8.
d4 exd4 9. cxd4 h6 10. Be3 Be7 11. Qc2 h5 12. Rfc1 f5 13. exf5 Bd5 14. Nc4 Qb4
15. Nfe5 a5 16. Bd2 Qb5 17. a4 Qa6 18. Nxa5 Nf6 19. b4 Be4 20. Qb2 Qb6 21. Bc3
Nd5 22. Nac4 Qa7 23. Bd2 Bf6 24. b5 Nb6 25. Be3 Nxc4 26. Rxc4 Bd5 27. Rcc1 Qb6
28. Qc3 Rhe8 29. bxc6 Bxe5 30. cxb7+ Qxb7 31. dxe5 Be4 32. a5 Rd3 33. a6 1-0

[Event "Kreis-Mitte-EM"]
[Site "Zirndorf"]
[Date "2014.01.05"]
[Round "5.2"]
[White "Rausch, Wolfgang sr"]
[Black "Haubold, Martin"]
[Result "1-0"]
[WhiteElo "1964"]
[BlackElo "1996"]
[PlyCount "87"]
[EventDate "2014.??.??"]
[WhiteTeam "SC N-T Nürnberg"]
[BlackTeam "SC N-T Nürnberg"]

1. Nf3 c6 2. g3 d5 3. Bg2 Nf6 4. d4 g6 5. O-O Bg7 6. Nbd2 Nbd7 7. b3 O-O 8. Bb2
Re8 9. Re1 a5 10. c4 Nf8 11. e4 dxe4 12. Nxe4 Nxe4 13. Rxe4 Bf5 14. Re2 Qc7 15.
Ne5 Rad8 16. Qe1 Nd7 17. Bc3 Bxe5 18. dxe5 b6 19. Rd2 Nc5 20. Rad1 Rxd2 21.
Qxd2 Ne6 22. a3 h5 23. h3 Rd8 24. Qe2 Rxd1+ 25. Qxd1 Nc5 26. b4 axb4 27. axb4
Ne4 28. Bb2 Ng5 29. g4 hxg4 30. hxg4 Qd7 31. Qc1 Ne4 32. gxf5 gxf5 33. Bxe4
fxe4 34. Qg5+ Kf8 35. Qh6+ Kg8 36. e6 Qd1+ 37. Kh2 f6 38. Qg6+ Kh8 39. Bxf6+
exf6 40. Qxf6+ Kh7 41. e7 Qh5+ 42. Kg3 b5 43. cxb5 cxb5 44. Qh4 1-0

[Event "Kreis-Mitte-EM"]
[Site "Zirndorf"]
[Date "2014.01.05"]
[Round "5.3"]
[White "Mantel, Hubert"]
[Black "Süß, Stefan"]
[Result "1-0"]
[WhiteElo "1620"]
[BlackElo "1971"]
[PlyCount "61"]
[EventDate "2014.??.??"]
[WhiteTeam "Zabo-Eintracht Nbg."]
[BlackTeam "SC N-T Nürnberg"]

1. e4 e6 2. d4 d5 3. exd5 exd5 4. Nf3 Nf6 5. Bd3 Be7 6. O-O O-O 7. Bg5 Bg4 8.
Nbd2 Re8 9. c3 c6 10. Qc2 h6 11. Bh4 Nbd7 12. Rae1 Qc7 13. Bg3 Bd6 14. Bxd6
Qxd6 15. h3 Bxf3 16. Nxf3 Qf4 17. Bf5 Nf8 18. Ne5 g6 19. Bd3 h5 20. Re3 Qh6 21.
Rfe1 Kg7 22. Rg3 Re7 23. Ree3 Rae8 24. Qe2 h4 25. Rgf3 Ne6 26. Rxf6 Nf4 27. Qf3
Kxf6 28. Ng4+ Kg7 29. Nxh6 Rxe3 30. fxe3 Nxd3 31. Qxf7+ 1-0